Statistics for NBA 2k21 all-time San Antonio Spurs

Click here to take the quiz!

General Stats

  • This quiz has been taken 178 times
  • The average score is 9 of 15

Answer Stats

OverallPlayer% Correct
98Tim Duncan
100%
90Manu Ginobili
97%
94Tony Parker
97%
94Kawhi Leonard
96%
96David Robinson
94%
95George Gervin
85%
86LaMarcus Aldridge
57%
86Bruce Bowen
47%
83Avery Johnson
41%
83Danny Green
38%
87Sean Elliott
35%
85Artis Gilmore
31%
86James Silas
17%
84Johnny Moore
15%
88Larry Kenon
15%

Score Distribution

Percentile by Number Answered

Percent of People with Each Score

Your Score History

You have not taken this quiz